| 000 | 01832nam a22003017a 4500 | ||
|---|---|---|---|
| 005 | 20110624114138.0 | ||
| 010 | _aB-430960-964 | ||
| 020 |
_a9780195630923 _c395.00 |
||
| 035 | _aB-430960-964 | ||
| 037 | _bOxford University Press | ||
| 037 | _bAllied Pub/Ven | ||
| 082 | _a200.954 | ||
| 245 |
_aReligion in India/ _cedited by T.N. Madan |
||
| 260 |
_aNew Delhi _bOxford University Press _c2010 |
||
| 270 |
_aYMCA Library Building, Jai Singh Road _bNew Delhi _e110001 |
||
| 300 |
_axvii, 460p. _c24cm(pbk) |
||
| 500 | _aIncludes bibliographical references and index | ||
| 700 |
_a Robinson, Rowena _928758 |
||
| 700 |
_aClarke, Sathianathan _928760 |
||
| 942 |
_2ddc _cEN _mREL _h200.954 |
||
| 999 |
_c53140 _d53140 |
||